000 00708nam a2200229 a 4500
001 25657
003 BD-RjUL
005 20211209050917.0
008 140319s1963 enk 000 0 eng
035 _a(BD-RjUL)25727
040 _aDLC
_cOAkU
_dDLC
_dBD-RjUL
_beng
041 _aeng
082 0 0 _a823.91
_bFIB 1963
_223
100 1 _aFitzgerald, F. Scott
_q(Francis Scott),
_d1896-1940
_978828
245 0 4 _aThe Bodley Head Scott Fitzgerald /
_cWith an introd. by J. B. Priestley.
260 _aLondon :
_bBodley Head,
_cc1963.
300 _a V. ;
_c20 cm.
505 _aVol. 1-- V. 2-- V. 3-- V. 4-- V. 5-- V. 6--
650 0 _aAmerican literature.
_978829
942 _2ddc
_cBK
999 _c25657
_d25657